| 000 | 01575nam a2200265 i 4500 | ||
|---|---|---|---|
| 001 | 161287 | ||
| 003 | ES-MaACL | ||
| 005 | 20250830062232.0 | ||
| 008 | 931025s1762 sp a |||| | spa d | ||
| 100 | 1 |
_aPalafox y Mendoza, Juan de, _d1600-1659 _9239354 |
|
| 245 | 1 | 0 |
_aObras del ilustrissimo, excelentissimo y venerable siervo de Dios, Don Juan de Palafox y Mendoza ... Obispo... de Osma... : _btomo primero : contiene la vida interior ò Confesiones del V. Autor, y la Historia Real Sagrada, Luz de Principes y Subditos. |
| 260 |
_aEn Madrid : _ben la imprenta de Don Gabriel Ramirez..., _c1762. |
||
| 300 |
_a[100], 704 p., [2] h. de grab. : _bil. ; _cFol. |
||
| 530 | _aDisponible en formato digital. | ||
| 597 | _aSign. : a-m4, n2, A-Z4, 2A-2Z4, 3A-3Z4, 4A-4T4. | ||
| 597 | _aPort. con grab. calc. | ||
| 599 | _aLas h. de grab. calc. : "Ant. Velazqu.. inv. et del.. I.a Palomº. sculp.. Reg. M. inc." alegórica y con retrato del autor; la otra firmada por "G. Gil f.", retrato de Carlos III. | ||
| 599 | _aLas il. son grab. calc. en B2 v., B\b3\s, 2Q\b1\s "T. T. Lopez Sculp", "G. Gil. incidit Ma a 1761" y otros grab. calc. intercalados en el texto | ||
| 630 | 0 | 4 |
_aBiblia. _pA. T.- _xComentarios _9119249 |
| 650 | 4 |
_aAscetismo. _910365 |
|
| 650 | 7 |
_aTeología pastoral _2embne _917472 |
|
| 852 | 4 |
_aES-MaACL _jR-2005-19 _z- Enc. piel gofrada con hierros dorados, no original de la época. Olim: |
|
| 856 | 4 |
_uhttps://bibliotecadigital.jcyl.es/es/consulta/registro.do?id=7214 _zBiblioteca Digital de Castilla y León |
|
| 999 |
_c161287 _d161287 |
||